LEADER 01173nam--2200385---450- 001 990002780730203316 005 20060714114850.0 010 $a88-368-0972-3 035 $a000278073 035 $aUSA01000278073 035 $a(ALEPH)000278073USA01 035 $a000278073 100 $a20060714h2002----km-y0itay50------ba 101 1 $aita 102 $aIT 105 $ay|||z|||001yy 200 1 $aFantasie di interludio (1914-1935)$fFernando Pessoa$ga cura di Fernando Cabral Martins 210 $aFirenze$cPassigli$dcopyr. 2002 215 $a253 p.$d22 cm 225 2 $aPassigli poesia 410 0$12001$aPassigli poesia 454 1$12001$aFicçoes do interlúdio$917219 676 $a869.141 700 1$aPESSOA,$bFernando$0329680 702 1$aCABRAL MARTINS,$bFernando 801 0$aIT$bsalbc$gISBD 912 $a990002780730203316 951 $aVI.6.A. 38(IIsp A 483)$b190867 L.M.$cVI.6.$d00127174 959 $aBK 969 $aUMA 979 $aANNAMARIA$b90$c20060714$lUSA01$h1052 979 $aANNAMARIA$b90$c20060714$lUSA01$h1140 979 $aANNAMARIA$b90$c20060714$lUSA01$h1148 996 $aFicçoes do interlúdio$917219 997 $aUNISA LEADER 01397nam 2200445 450 001 9910397909703321 005 20211005150801.0 010 $a84-9148-487-6 035 $a(CKB)3840000000348942 035 $a(MiAaPQ)EBC5349626 035 $a(MiAaPQ)EBC6522297 035 $a(Au-PeEL)EBL6522297 035 $a(OCoLC)1170245826 035 $a(EXLCZ)993840000000348942 100 $a20180610d2017 uy 0 101 0 $aspa 135 $aurcnu|||||||| 181 $2rdacontent 182 $2rdamedia 183 $2rdacarrier 200 00$aCuestiones actuales de la prestacio?n farmace?utica y los medicamentos /$fMari?a Bele?n Garci?a Romero, Mari?a del Mar Pen?a Romero (coordinadoras) 210 1$aMadrid :$cDykinson,$d2017. 215 $a1 online resource (i, 300 pa?ginas) 311 $a84-9148-401-9 606 $aPharmacy$xResearch 606 $aFarmacologi?a 606 $aInvestigacio?n 608 $aLibros electronicos. 615 0$aPharmacy$xResearch. 615 4$aFarmacologi?a. 615 4$aInvestigacio?n. 676 $a615.10285 702 $aGarci?a Romero$b Mari?a Bele?n 702 $aPen?a Amoro?s$b Mari?a del Mar 801 0$bFINmELB 801 1$bFINmELB 906 $aBOOK 912 $a9910397909703321 996 $aCuestiones actuales de la prestacio?n farmace?utica y los medicamentos$91891754 997 $aUNINA